000 01016nam a2200265Ia 4500
003 OSt
005 20221005105905.0
006 a|||||r|||| 00| 0
007 ta
008 221004b |||||||| |||| 00| 0 hin d
020 _a8126018356 (pbk)
_c125
024 _a93166
037 _b525, 19/03/2009, Vani Prakashan
_cTextual
040 _aCRL
_cCRL
_bhin
041 _2hin
_ahin
082 _aO152,6M57:g, P3
100 _aपरिमलेन्दु, राम निरंजन
245 0 _aअयोध्या प्रसाद खत्री
246 _aAyodhyā prasād khatrī
260 _aनई दिल्ली
_bसाहित्य अकादेमी भारत
_c2003
300 _a102पृ0
_ccm.
490 _aभारतीय साहित्य के निर्माता
942 _hO152,6M57:g, P3
_cTEXL
_2cc
999 _c1017212
_d1017212